El corazón : historia, simbolismo, iconografía y enfermedades / N. Boyadjian; traducción, Dr. Luis López Jiménez [y] Dr. Moisés García de la Torre

Guardado en:
Bibliografiske detaljer
Hovedforfatter: Boyadjian, N. (autor)
Andre forfattere: I. López Jiménez, Luis, trad. II. García de la Torre, Moisés, trad. (autor) (autor)
Format: Bog
Sprog:spansk
Fag:
Tags: Tilføj Tag
Ingen Tags, Vær først til at tagge denne postø!

MARC

LEADER 00000nam^a2200000^u^4500
001 000547318
005 20250521000000.0
008 060220s1000^^^^^^^^^^^^r^^^^^000^0^spa^d
009 20260310131427.72
022 |a 9064150419 
035 |a FMI 000017026 
037 |a Acervo Xavier Clavigero 
041 |a ESP 
096 |a 0.0/3/A 
100 |a Boyadjian, N.  |e (autor) 
245 1 3 |a El corazón : historia, simbolismo, iconografía y enfermedades / N. Boyadjian; traducción, Dr. Luis López Jiménez [y] Dr. Moisés García de la Torre 
264 |a Antwerpen (Bel.) : Esco, 1980 
336 |a texto  |b txt  |2 rdacontenido 
337 |a sin mediación  |b n  |2 rdamedio 
338 |a volumen  |b nc  |2 rdasoporte 
649 |a XX 
650 |a CORAZÓN -- ASPECTOS GENERALES 
700 |a I. López Jiménez, Luis, trad. II. García de la Torre, Moisés, trad.  |e (autor) 
910 |a Fondo Francisco Migoya Covarrubias S.J. 
920 |a Impresos - Libros 
930 |a Fondos Especiales 
905 |a 134 
901 |a SBC16136  |b IT2  |c ESP  |u 20250521 
902 |a https://opac.biblio.iteso.mx/vufind/Record/000547318